UK places in other words Quiz Stats

 Plays Quiz not verified by Sporcle

Challenge
Share
Tweet
Embed
Score 0/12 Timer 12:00
0 Plays Today
% Correct
Poole
88.3%
Southport
58.1%
Newmarket
46.8%
Hull
45.4%
Selby
37.9%
Barnstaple
32.5%
Bangor
28.3%
Leeds
22.8%
Wrexham
16.6%
Whitehaven
15.2%
Margate
12.3%
Darlington
10.8%

You're not logged in!

Compare scores with friends on all Sporcle quizzes.
Join for Free
OR
Log In

You Might Also Like...

Show Comments

Extras

Created May 20, 2010ReportNominate
Tags:place

Top Quizzes Today


Score Distribution

Your Account Isn't Verified!

In order to create a playlist on Sporcle, you need to verify the email address you used during registration. Go to your Sporcle Settings to finish the process.

Report this User

Report this user for behavior that violates our Community Guidelines.

Details: